MARC

LEADER 00000nam0a2200000 4500
001 18446
005 20231030191303.0
010 |a 5250017215 
035 |a (RuTPU)RU\TPU\book\18596 
035 |a BOOK00018665 
090 |a 18446 
100 |a 20011209d1991 km y0rusy50 ca 
101 0 |a rus 
102 |a RU 
105 |a a z 000zb 
200 1 |a Л. И. Брежнев  |e Материалы к биографии  |f сост. Ю. В. Аксютин 
210 |a Москва  |c Политиздат  |d 1991 
215 |a 383 с.  |c ил. 
600 1 |a Брежнев  |g Леонид Ильич  |c генеральный секретарь ЦК КПСС  |f 1906-1982  |b Л. И.  |2 stltpui  |3 (RuTPU)RU\TPU\pers\1056 
610 1 |a политика 
610 1 |a политические деятели 
610 1 |a государственные деятели 
610 1 |a СССР 
610 1 |a КПСС 
610 1 |a история 
686 |a Ф61(2)8  |v LBC/SL-A  |2 rubbk 
702 1 |a Аксютин  |b Ю. В.  |g Юрий Васильевич  |4 220 
801 0 |a RU  |b 63413507  |c 20011209  |g PSBO 
801 2 |a RU  |b 63413507  |c 20080411  |g PSBO 
942 |c BK